[Event "It (open)"]
[Site "masterchessopen.com Hastings (England)"]
[Date "2007.12.30"]
[Round "3"]
[White "Neverov Valeriy (UKR)"]
[Black "Satyapragyan Swayangsu (IND)"]
[Result "1-0"]
[WhiteElo "2558"]
[BlackElo "2404"]

{ Satyapragyan Swayangsu (IND) +1 =1 -0 } 1.d4 Nf6 2.c4 e6 3.Nc3 Bb4 4.e3 O-O
5.Ne2 Re8 6.a3 Bf8 7.g3 d5 { = } 8.Bg2 ( 8.cxd5 exd5 9.Bg2 c6 10.O-O a5 11.Bd2
Na6 12.Nf4 Bf5 13.f3 h5 14.Rf2 b5 15.Bf1 Bd6 16.Be2 Qd7 17.Kh1 Bh7 18.Qf1 Nc7
19.Bd3 Bxd3 20.Nxd3 Ne6 21.Rc1 Qb7 22.Ne2 b4 { 1/2-1/2, Milov Vadim 2683 -
Alekseev Evgeny 2604 , Santo-Domingo 2003 It (open) } ) 8...c6 ( 8...dxc4
9.Qa4 Nbd7 10.Qxc4 e5 11.O-O exd4 12.Qxd4 Nc5 13.b4 Nb3 14.Qxd8 Rxd8 15.Rb1
Nxc1 16.Rfxc1 a5 17.Nd4 c6 18.h3 h5 19.Rd1 axb4 20.axb4 Ra3 21.Rdc1 g6 22.b5
cxb5 23.Rxb5 Bh6 24.Nd5 Nxd5 25.Rxd5 Rf8 26.Rdc5 Bd7 27.Rc7 Rd8 28.R1c5 {
...1-0, Graf Alexander 2632 - Wells Peter K 2513 , Goteborg 31. 7.2005 Ch
Europe (team) } ) 9.b3 ( 9.cxd5 exd5 10.O-O Na6 11.Nf4 Nc7 12.b4 a6 13.Ra2 Bf5
14.f3 Nb5 15.Nxb5 axb5 16.Re2 h6 17.Nd3 Nd7 18.e4 dxe4 19.fxe4 Bg4 20.Bf3 Bxf3
21.Rxf3 Nf6 22.Nf2 Re6 23.Bb2 Qe7 24.e5 Qe8 25.Qf1 Rd8 26.Nd3 Nd5 27.Nf4 Nxf4
28.gxf4 f5 { ...0-1, Maksimovic Suzana 2190 - Prudnikova Svetlana 2405 ,
Belgrade 1995 It (w) } ) 9...dxc4 { N } ( 9...Nbd7 10.O-O dxc4 11.bxc4 e5
12.c5 Qc7 13.Qc2 Nb8 14.h3 Be6 15.Rb1 Re7 16.Rd1 Na6 17.a4 Rd8 18.Ba3 exd4
19.Nxd4 Bc8 20.Nf5 Bxf5 21.Qxf5 Red7 22.Rdc1 Qa5 23.g4 Bxc5 24.g5 g6 25.Qe5
Re8 26.Qxf6 Bxa3 27.Ne4 Rxe4 28.Bxe4 Bxc1 29.Rxc1 { ...0-1, Maksimovic Suzana
2300 - Lazic Marina 2220 , Ulcinj 1997 Cup Yugoslavia (team) (w) } ) ( 9...b6
10.O-O Ba6 11.cxd5 exd5 12.Bb2 Nbd7 13.Qc2 Rc8 14.Rfd1 Bd6 15.a4 Qe7 16.Bf3 g5
17.Qf5 h6 18.Qh3 Kg7 19.g4 Qe6 20.Ng3 Bxg3 21.Qxg3 Kg8 22.Rd2 Nf8 23.a5 b5
24.Ba3 Rcd8 25.h3 Ng6 26.Bc5 Rd7 27.b4 Nh4 28.Kf1 Ne4 29.Nxe4 { ...0-1, Meyer
Friedhelm 2255 - Henrich Thomas 2140 , Germany 1991 Bundesliga 1990/91 (2nd) }
) 10.bxc4 e5 11.d5 e4 12.O-O cxd5 13.Nxd5 Bg4 14.Ra2 Nbd7 15.h3 Be6 16.Nef4
Bxd5 17.Nxd5 Nc5 18.Rd2 Nxd5 19.Rxd5 Qb6 20.Qd4 Nb3 21.Qc3 Nxc1 22.Rxc1 Rac8
23.a4 Qc6 24.Qa1 g6 25.a5 Qa6 26.Qa4 Re6 27.c5 b6 28.c6 bxa5 { ?! } ( 28...b5
{ !? } 29.Qxb5 Rcxc6 30.Rxc6 Qxb5 31.Rxb5 Rxc6 32.Bxe4 Rc5 33.Rxc5 Bxc5 34.a6
f5 35.Bd5+ Kg7 { } ) 29.Bf1 { ?! } ( 29.Rxa5 { !? } 29...Qb6 30.Ra6 Qb2 31.Rc2
Qb1+ 32.Kh2 Rc7 33.Bxe4 Bb4 34.Bd5 Rd6 35.Qb3 Qxb3 36.Bxb3 { } ) 29...Qb6
30.Rb5 Qd8 31.Rb7 Qe8 { ?! } ( 31...Qd5 { !? } 32.Rd7 Qf5 33.Qb5 Re7 34.Rc5
Qf6 35.Rc4 Qe5 36.Qa4 Qf6 37.Rxe7 Bxe7 38.Rxe4 Bb4 { } ) 32.Rc2 Bb4 33.Rxa7 {
?! } ( 33.Bb5 { !? } 33...a6 34.Bxa6 Kg7 35.Qa1+ Kg8 36.Bb5 Re5 37.Bc4 Rf5 { }
) 33...Rcxc6 34.Bc4 Rf6 { ? } ( 34...Rc5 35.Qxe8+ Rxe8 36.Bxf7+ Kf8 37.Rxc5
Bxc5 38.Rxa5 Kxf7 39.Rxc5 Ke6 40.g4 Re7 41.Rb5 Rf7 { } ) 35.Rxf7 { +3.25 CAP }
{#r} 1-0

[Event "It (cat.3)"]
[Site "masterchessopen.com Liege (Belgium)"]
[Date "2008.01.09"]
[Round "6"]
[White "Soors Stef (BEL)"]
[Black "Godart Francois (FRA)"]
[Result "1-0"]
[WhiteElo "2176"]
[BlackElo "2012"]

1.d4 Nf6 2.c4 e6 3.Nc3 Bb4 4.e3 O-O 5.Ne2 Ne4 6.Qc2 f5 7.a3 Bxc3+ 8.Nxc3 Nxc3
9.Qxc3 b6 10.b4 Bb7 11.Bb2 Qg5 12.O-O-O a5 13.d5 axb4 14.axb4 Qe7 15.Be2 Na6
16.Kb1 exd5 17.cxd5 Rf6 18.Qb3 Rd6 19.Bf3 Re8 20.h4 Kf8 21.h5 c5 22.h6 g6
23.Qc3 Qf7 24.Qg7+ Qxg7 25.hxg7+ Kg8 26.Rxh7 {#r} 1-0

[Event "It (open) (masters)"]
[Site "masterchessopen.com Gibraltar (England)"]
[Date "2008.01.25"]
[Round "4"]
[White "Van Den Bersselaar Jeroen (NED)"]
[Black "Edvardsen Ingar (NOR)"]
[Result "1-0"]
[WhiteElo "2179"]
[BlackElo "1910"]

1.d4 Nf6 2.c4 e6 3.Nc3 Bb4 4.e3 O-O 5.Ne2 b6 6.a3 Bxc3+ 7.Nxc3 Bb7 8.d5 d6
9.Be2 Nbd7 10.O-O a5 11.e4 e5 12.Be3 Nc5 13.Qc2 a4 14.Bxc5 bxc5 15.f3 c6
16.Nxa4 cxd5 17.exd5 Nh5 18.Nc3 f5 19.g3 Qg5 20.Kh1 Nxg3+ 21.hxg3 Qxg3 22.Bd3
Rf6 23.Qg2 Qh4+ 24.Qh2 Qd4 25.Bxf5 Rxf5 26.Ne4 Rf4 27.Rg1 Raf8 28.Rg2 Rxf3
29.Qh6 Rh3+ 30.Qxh3 Qxe4 31.Qe6+ Kh8 32.Qe7 Rg8 33.Rf1 Qxc4 34.Qxg7+ {#r} 1-0

[Event "Ch Lithuania (juniors) (under 20)"]
[Site "masterchessopen.com Vilnius (Lithuania)"]
[Date "2008.01.29"]
[Round "2"]
[White "Alekberovas Anaras (LTU)"]
[Black "Narmontas Tauras (LTU)"]
[Result "0-1"]
[WhiteElo "2097"]
[BlackElo "2279"]

1.d4 Nf6 2.c4 e6 3.Nc3 Bb4 4.e3 O-O 5.Ne2 d5 6.a3 Be7 7.Nf4 c6 8.cxd5 exd5
9.Bd3 Re8 10.O-O Bd6 11.Qc2 Nbd7 12.b4 a6 13.Na4 Nf8 14.Nc5 b6 15.Nb3 Bd7
16.f3 Qc7 17.Bd2 g5 18.Nh3 Bxh2+ 19.Kh1 Nh5 20.f4 Bxh3 21.Kxh2 Bg4 22.Bf5 Nf6
23.g3 Bxf5 24.Qxf5 Ne4 25.Qg4 Re6 26.f5 Rh6+ 27.Kg2 Nd7 28.Rh1 Ndf6 29.Qf3
Rxh1 30.Rxh1 a5 31.Be1 axb4 32.Bxb4 c5 33.dxc5 bxc5 34.Rc1 g4 {#R} 0-1

[Event "Bundesliga 2007/08"]
[Site "masterchessopen.com Germany"]
[Date "2008.02.09"]
[Round "8"]
[White "Boensch Uwe (GER)"]
[Black "Werner Dimo (GER)"]
[Result "0-1"]
[WhiteElo "2523"]
[BlackElo "2328"]

1.d4 Nf6 2.c4 e6 3.Nc3 Bb4 4.e3 O-O 5.Ne2 d5 6.a3 Be7 7.Nf4 c6 8.b4 dxc4
9.Bxc4 b5 10.Be2 a5 11.Rb1 axb4 12.axb4 Nd5 13.Ncxd5 exd5 14.Bd3 Bd6 15.O-O
Ra6 16.e4 dxe4 17.Bxe4 Nd7 18.Rb3 Nf6 19.Bb1 Re8 20.h3 Nd5 21.Nxd5 cxd5 22.Re1
Rxe1+ 23.Qxe1 Be6 24.Bd2 Qa8 25.Qe2 Ra1 26.g4 h5 27.Kg2 hxg4 28.hxg4 Qc8
29.Rc3 Qd8 30.Bf5 Qh4 31.Rh3 Rg1+ 32.Kxg1 Qxh3 33.f4 Bxf5 34.gxf5 Qxf5 35.Qxb5
Qg4+ 36.Kf2 Bxf4 {#R} 0-1

[Event "Ch Georgia (w)"]
[Site "masterchessopen.com Tbilisi (Georgia)"]
[Date "2008.02.28"]
[Round "1"]
[White "Khurtsidze Nino (GEO)"]
[Black "Charkhalashvili Inga (GEO)"]
[Result "0-1"]
[WhiteElo "2417"]
[BlackElo "2337"]

1.d4 Nf6 2.c4 e6 3.Nc3 Bb4 4.e3 O-O 5.Ne2 d5 6.a3 Be7 7.Nf4 c6 8.Bd3 Nbd7
9.cxd5 exd5 10.b4 Bd6 11.O-O Re8 12.b5 Nf8 13.bxc6 bxc6 14.Qc2 Qc7 15.h3 Ng6
16.Nxg6 hxg6 17.a4 Qe7 18.Nb1 Bd7 19.Ba3 g5 20.Bxd6 Qxd6 21.Nd2 g4 22.hxg4
Nxg4 23.Nf3 g6 24.Rfb1 Kg7 25.Rb7 Bc8 26.Rb2 Rh8 27.Rc1 Bd7 28.Qc5 Qe6 29.Rb7
Rh1+ 30.Kxh1 Nxf2+ 31.Kh2 Nxd3 32.Qc2 Rh8+ {#R} 0-1

[Event "Ch City"]
[Site "masterchessopen.com Voronezh (Russia)"]
[Date "2008.03.01"]
[Round "5"]
[White "Bobrov Igor (RUS)"]
[Black "Shtyka Sergey (RUS)"]
[Result "1-0"]
[WhiteElo "2189"]
[BlackElo "2297"]

1.d4 Nf6 2.c4 e6 3.Nc3 Bb4 4.e3 O-O 5.Ne2 a5 6.a3 Be7 7.Ng3 d5 8.cxd5 exd5
9.Bd3 Re8 10.O-O Bf8 11.Rb1 Nc6 12.Qc2 Be6 13.Bb5 Bd7 14.Bd2 Na7 15.Bd3 b5
16.e4 b4 17.axb4 axb4 18.Nxd5 Nxd5 19.exd5 h6 20.Rfc1 Nb5 21.Be3 Rc8 22.Ne4 c6
23.Nc5 cxd5 24.Qb3 Bxc5 25.dxc5 d4 26.Bd2 Bc6 27.Bc4 Qf6 28.Qg3 Re5 29.Bxh6
Rce8 30.Bd2 Nc3 31.bxc3 bxc3 32.Bf4 Rf5 33.Rb6 Rxc5 34.Bd3 Qe7 35.h4 Qa7
36.Bh6 {#r} 1-0

[Event "It (open)"]
[Site "masterchessopen.com Bad Woerishofen (Germany)"]
[Date "2008.03.03"]
[Round "5"]
[White "Galje Hans (NED)"]
[Black "Strasser Josef (GER)"]
[Result "1-0"]
[WhiteElo "2121"]
[BlackElo "1971"]

1.d4 Nf6 2.c4 e6 3.Nc3 Bb4 4.e3 O-O 5.Ne2 d5 6.a3 Be7 7.cxd5 exd5 8.b4 b6
9.Ng3 Re8 10.Be2 c6 11.O-O Bb7 12.Qb3 b5 13.f3 Nbd7 14.e4 Nb6 15.e5 Nfd7 16.f4
g6 17.f5 f6 18.fxg6 hxg6 19.Bd3 Kg7 20.Bxg6 Rh8 21.Qc2 Nf8 22.Nh5+ Kg8 23.exf6
{#r} 1-0

[Event "Ch Russia (juniors) (under 20)"]
[Site "masterchessopen.com St. Petersburg (Russia)"]
[Date "2008.03.08"]
[Round "1"]
[White "Shimanov Aleksandr (RUS)"]
[Black "Papin Vasily (RUS)"]
[Result "1-0"]
[WhiteElo "2476"]
[BlackElo "2455"]

1.d4 Nf6 2.c4 e6 3.Nc3 Bb4 4.e3 O-O 5.Ne2 d5 6.a3 Be7 7.cxd5 exd5 8.b4 Re8
9.Ng3 b6 10.Be2 c5 11.Rb1 a6 12.O-O Nc6 13.bxc5 bxc5 14.dxc5 Bxc5 15.Qc2 Ne5
16.Rd1 Ba7 17.Nxd5 Nxd5 18.Qe4 Be6 19.Qxe5 f6 20.Qh5 Bf7 21.Qf3 Qa5 22.Bc4
Rad8 23.Rb7 Qc5 24.Rxf7 Kxf7 25.Bxd5+ Kf8 26.e4 Qc2 27.Rf1 Qc7 28.Bf4 Qd7
29.Nf5 Bb8 30.Qh5 Bxf4 31.Qxh7 {#r} 1-0

[Event "Ch France (team) (nat.1) 2007/08"]
[Site "masterchessopen.com France"]
[Date "2008.03.15"]
[Round "8"]
[White "Vernay Clovis (FRA)"]
[Black "Lerch Patrice (FRA)"]
[Result "0-1"]
[WhiteElo "2341"]
[BlackElo "2339"]

1.d4 Nf6 2.c4 e6 3.Nc3 Bb4 4.e3 O-O 5.Ne2 d5 6.a3 Be7 7.cxd5 exd5 8.Nf4 a5
9.Bd3 c6 10.h3 Na6 11.O-O Nc7 12.Bd2 Ne6 13.Nxe6 Bxe6 14.Rc1 Bd6 15.Be1 Re8
16.f4 Bd7 17.Bf2 Rc8 18.Re1 Ne4 19.Nxe4 dxe4 20.Bc4 b5 21.Ba2 Qe7 22.Re2 h6
23.Rec2 Kh7 24.Qh5 Rf8 25.Bh4 f6 26.Rf1 c5 27.dxc5 Bxc5 28.Re2 b4 29.axb4 Bxb4
30.Rd1 Rc5 31.f5 Rxf5 32.Rxd7 Rxh5 {#R} 0-1

[Event "Ch Ukraine (juniors) (under 16) (g)"]
[Site "masterchessopen.com Odessa (Ukraine)"]
[Date "2008.03.23"]
[Round "4"]
[White "Usoltseva Polina (UKR)"]
[Black "Ryjkova Nina (UKR)"]
[Result "0-1"]
[WhiteElo "1830"]
[BlackElo "1997"]

1.d4 Nf6 2.c4 e6 3.Nc3 Bb4 4.e3 O-O 5.Ne2 d5 6.a3 Be7 7.Nf4 c6 8.cxd5 exd5
9.Bd3 Nbd7 10.O-O Re8 11.f3 Nf8 12.Bc2 Ne6 13.Nxe6 Bxe6 14.Qd3 g6 15.b3 c5
16.Qd2 Rc8 17.Bb2 a6 18.Rac1 cxd4 19.exd4 Nh5 20.Ne2 Bg5 21.f4 Bg4 22.Ng3 Nxg3
23.hxg3 Re2 24.Qd3 Bf6 25.Rfe1 Rxe1+ 26.Rxe1 Bf5 {#R} 0-1

[Event "Ch Switzerland (team) 2008"]
[Site "masterchessopen.com Switzerland"]
[Date "2008.03.30"]
[Round "2"]
[White "Sutter Oliver (SUI)"]
[Black "Zenklusen Rico (SUI)"]
[Result "1-0"]
[WhiteElo "2390"]
[BlackElo "2399"]

1.d4 Nf6 2.c4 e6 3.Nc3 Bb4 4.e3 O-O 5.Ne2 d5 6.a3 Be7 7.cxd5 exd5 8.Nf4 b6
9.b4 Bb7 10.Qb3 Re8 11.Be2 Bd6 12.Nd3 Ne4 13.Nxd5 Nxf2 14.Nxf2 Bxd5 15.Bc4 c6
16.e4 b5 17.Bxd5 cxd5 18.O-O Bc7 19.exd5 Nd7 20.Qd3 Nb6 21.Nh3 h6 22.Bxh6 gxh6
23.Rxf7 {#r} 1-0

[Event "Ch Romania (juniors) (g)"]
[Site "masterchessopen.com Voineasa (Romania)"]
[Date "2008.04.18"]
[Round "9"]
[White "Taposu-Matei Alexandra"]
[Black "Anusca Madalina-Maria (ROM)"]
[Result "0-1"]
[WhiteElo "769"]
[BlackElo "971"]

1.d4 Nf6 2.c4 e6 3.Nc3 Bb4 4.e3 O-O 5.Ne2 d5 6.a3 Bd6 7.Ng3 dxc4 8.Bxc4 Nc6
9.O-O a6 10.Be2 Ne7 11.Nge4 Ned5 12.Qc2 Nxc3 13.Nxf6+ Qxf6 14.Qxc3 e5 15.Rd1
e4 16.b3 Qh6 17.g3 Bh3 18.Bb2 f5 19.Bf1 Bg4 20.Re1 Rf6 21.Qc4+ Kh8 22.Qd5 c6
23.Qc4 Qh5 24.d5 Rh6 25.h4 c5 26.Qc3 Rg6 27.Bg2 Bf3 28.Qd2 Bxg2 29.Kxg2 Qf3+
30.Kf1 Bxg3 31.Rec1 Bh2 32.Bxg7+ Kxg7 33.Qb2+ Kh6 34.Ke1 Rg1+ 35.Kd2 Qxf2+
36.Kc3 Be5+ {#R} 0-1

[Event "It (open)"]
[Site "masterchessopen.com Metz (France)"]
[Date "2008.04.20"]
[Round "2"]
[White "Baudry Lyam (FRA)"]
[Black "Sundararajan Kidambi (IND)"]
[Result "0-1"]
[WhiteElo "2006"]
[BlackElo "2501"]

1.d4 Nf6 2.c4 e6 3.Nc3 Bb4 4.e3 O-O 5.Ne2 Re8 6.a3 Bf8 7.Ng3 d5 8.Bd3 c5
9.dxc5 Bxc5 10.O-O Nc6 11.b4 Bf8 12.Bb2 a5 13.b5 Ne5 14.cxd5 exd5 15.Bf5 Nc4
16.Qc2 g6 17.Bxc8 Rxc8 18.Rfd1 Bg7 19.Qb3 Nxb2 20.Qxb2 Ng4 21.Rac1 Qh4 22.Nf1
Rxc3 23.Rxc3 Bxc3 24.Qxc3 Qxf2+ 25.Kh1 Qe2 26.Rb1 a4 27.Qd4 Nxe3 28.Nxe3 Rxe3
29.Qb4 Re4 30.Qa5 b6 31.Qa8+ Re8 {#R} 0-1

[Event "Ch Europe (w)"]
[Site "masterchessopen.com Plovdiv (Bulgaria)"]
[Date "2008.04.26"]
[Round "6"]
[White "Vojinovic Jovana (MNE)"]
[Black "Kovanova Baira (RUS)"]
[Result "0-1"]
[WhiteElo "2332"]
[BlackElo "2379"]

1.d4 Nf6 2.c4 e6 3.Nc3 Bb4 4.e3 O-O 5.Ne2 d5 6.cxd5 exd5 7.g3 c6 8.Bg2 a5
9.O-O Re8 10.f3 Na6 11.Kh1 b6 12.a3 Bf8 13.Qc2 c5 14.Bd2 Bb7 15.Rad1 Rc8
16.Bc1 cxd4 17.Nxd4 Nc5 18.Qf2 Bd6 19.Nde2 Nb3 20.Nd4 Nxd4 21.exd4 Bxa3
22.Nxd5 Nxd5 23.bxa3 Ba6 24.Rfe1 Rxe1+ 25.Qxe1 {#R} 0-1

[Event "It (open)"]
[Site "masterchessopen.com Wroclaw (Poland)"]
[Date "2008.06.25"]
[Round "6"]
[White "Zurkowski Andrzej (POL)"]
[Black "Ljangov Petar (BUL)"]
[Result "0-1"]
[WhiteElo "2068"]
[BlackElo "2078"]

1.d4 Nf6 2.c4 e6 3.Nc3 Bb4 4.e3 O-O 5.Ne2 d5 6.a3 Bd6 7.Ng3 c6 8.cxd5 exd5
9.Bd3 Re8 10.Qc2 Nbd7 11.O-O Nf8 12.Re1 Ng6 13.Nf1 Nf4 14.Bd2 Nxd3 15.Qxd3 Ne4
16.f3 Nxd2 17.Qxd2 Qg5 18.e4 Bf4 19.Qf2 Be6 20.Kh1 f6 21.g3 Bc7 22.Re2 Rad8
23.Rae1 dxe4 24.Nxe4 Qg6 25.Nc5 Bc8 26.Re4 b6 27.Ne6 Bxe6 28.Rxe6 Rxe6 29.Rxe6
Bd6 {#R} 0-1

[Event "Cup Volga (open)"]
[Site "masterchessopen.com Kostroma (Russia)"]
[Round "5"]
[White "Semenenko Sergey (RUS)"]
[Black "Aleshin Oleg (RUS)"]
[Result "0-1"]
[WhiteElo "2183"]
[BlackElo "2384"]

1.d4 Nf6 2.c4 e6 3.Nc3 Bb4 4.e3 O-O 5.Ne2 Re8 6.a3 Bf8 7.d5 d6 8.g3 Nbd7
9.dxe6 Rxe6 10.Bg2 Re8 11.O-O Ne5 12.b3 Rb8 13.Bb2 a6 14.a4 g6 15.Qc2 Bg7
16.Rad1 b6 17.Nf4 h5 18.h3 Bb7 19.Nfd5 Ned7 20.Rd2 Nc5 21.Rfd1 a5 22.Re2 Na6
23.Ba3 Nd7 24.Red2 Ndc5 25.Ne4 Nxe4 26.Bxe4 Nc5 27.Bg2 Bc8 28.Nc3 Bf5 29.e4
Bxc3 30.Qxc3 Bxe4 31.Bxc5 bxc5 32.Bxe4 Rxe4 33.Qxa5 Qc8 34.Rd3 Rb4 35.h4 Qb7
{#R} 0-1

[Event "Cup Summer"]
[Site "masterchessopen.com Porto Carras (Greece)"]
[Date "2008.07.13"]
[Round "3"]
[White "Nikolaidis Konstantinos (GRE)"]
[Black "Jevtic Miroljub L (SRB)"]
[Result "1-0"]
[WhiteElo "2264"]
[BlackElo "2167"]

1.d4 Nf6 2.c4 e6 3.Nc3 Bb4 4.e3 O-O 5.Ne2 d5 6.a3 Be7 7.Nf4 b6 8.cxd5 exd5
9.Bd3 Bb7 10.Qf3 Bd6 11.O-O c6 12.Bd2 Ba6 13.Bxa6 Nxa6 14.Rfe1 Bxf4 15.exf4 c5
16.Rad1 cxd4 17.Nb5 Qd7 18.Nxd4 Ne4 19.Qe2 Nc7 20.f3 Nxd2 21.Qxd2 Rfe8 22.Re5
f6 23.Ree1 Rxe1+ 24.Rxe1 Re8 25.h3 Rxe1+ 26.Qxe1 g6 27.Qc3 Kg7 28.Qxc7 {#r}
1-0

[Event "Memorial E.Zudov (cat.2)"]
[Site "masterchessopen.com Nizhnij Tagil (Russia)"]
[Date "2008.07.14"]
[Round "7"]
[White "Grebenshikov V (KAZ)"]
[Black "Musakaev Emil (RUS)"]
[Result "1-0"]
[WhiteElo "2300"]
[BlackElo "2333"]

1.d4 Nf6 2.c4 e6 3.Nc3 Bb4 4.e3 O-O 5.Ne2 d5 6.a3 Be7 7.Nf4 c6 8.cxd5 exd5
9.Bd3 Bd6 10.O-O Re8 11.Bc2 Nbd7 12.Qf3 Nf8 13.h3 Qe7 14.g4 Ne4 15.Qg2 f5
16.Nce2 g5 17.gxf5 Bxf5 18.Nh5 Ng6 19.Neg3 Bd7 20.Bxe4 Nh4 21.Bxd5+ cxd5
22.Qxd5+ Kh8 23.f4 gxf4 24.exf4 Bc6 25.Qb3 Bg2 26.Bd2 Bxf1 27.Rxf1 Rg8 28.d5
Rg6 29.Qc3+ Kg8 30.Re1 Qd7 31.Re6 Rf8 32.Kh2 Rxe6 33.dxe6 Qe7 34.Ne4 Qc7
35.Nxd6 Qxc3 36.Bxc3 {#r} 1-0

[Event "It (open)"]
[Site "masterchessopen.com Balaguer (Spain)"]
[Date "2008.07.15"]
[Round "2"]
[White "Ipatov Alexander (ESP)"]
[Black "Codina Garcia Jose (ESP)"]
[Result "1-0"]
[WhiteElo "2472"]
[BlackElo "2134"]

1.d4 Nf6 2.c4 e6 3.Nc3 Bb4 4.e3 O-O 5.Ne2 d5 6.a3 Be7 7.cxd5 exd5 8.g3 c6
9.Bg2 Bf5 10.O-O Nbd7 11.f3 Nb6 12.g4 Be6 13.h3 h5 14.Nf4 hxg4 15.Nxe6 fxe6
16.hxg4 g5 17.f4 Qd7 18.Qd3 Kg7 19.Ne2 Nxg4 20.Ng3 Rh8 21.fxg5 Bxg5 22.e4 dxe4
23.Qxe4 Nf6 24.Qe5 Bh4 25.Bg5 Nd5 26.Bxd5 {#r} 1-0

[Event "It (open)"]
[Site "masterchessopen.com Balaguer (Spain)"]
[Date "2008.07.16"]
[Round "3"]
[White "Kasparov Sergey (BLR)"]
[Black "Devangi Patankar (IND)"]
[Result "1-0"]
[WhiteElo "2492"]
[BlackElo "2092"]

1.d4 Nf6 2.c4 e6 3.Nc3 Bb4 4.e3 O-O 5.Ne2 d5 6.a3 Be7 7.Nf4 c6 8.cxd5 exd5
9.Bd3 Re8 10.O-O a5 11.f3 Na6 12.Bc2 Nc7 13.e4 dxe4 14.fxe4 c5 15.e5 Nd7
16.Qh5 Nf8 17.Qxf7+ Kh8 18.d5 Bg5 19.Nh5 Qe7 20.Bxg5 {#r} 1-0

[Event "Ch Netherlands (open)"]
[Site "masterchessopen.com Dieren (Netherlands)"]
[Date "2008.07.22"]
[Round "1"]
[White "Van Den Bersselaar Jeroen (NED)"]
[Black "Ernst Sipke (NED)"]
[Result "0-1"]
[WhiteElo "2179"]
[BlackElo "2576"]

1.d4 Nf6 2.c4 e6 3.Nc3 Bb4 4.e3 O-O 5.Ne2 Re8 6.a3 Bf8 7.d5 b6 8.Ng3 exd5
9.cxd5 c5 10.Be2 d6 11.O-O Ba6 12.e4 Bxe2 13.Qxe2 g6 14.Bg5 h6 15.Be3 Nbd7
16.f4 b5 17.Qxb5 Ng4 18.Rf3 Bg7 19.Kh1 Rb8 20.Qe2 Nxe3 21.Rxe3 Bd4 22.Rd3 Nf6
23.Rad1 Qb6 24.b4 Bxc3 25.Rxc3 cxb4 26.Rc6 Qd8 27.axb4 Rxb4 28.Rc4 Rxc4
29.Qxc4 Ng4 30.Rd2 Qh4 31.Nf1 Nf2+ 32.Kg1 Nxe4 33.Re2 Qxf4 34.Qa4 Re7 35.Qa5
Kg7 36.Qd8 Qf6 {#R} 0-1

[Event "Ch Spain (juniors) (under 16)"]
[Site "masterchessopen.com Padrun (Spain)"]
[Date "2008.07.23"]
[Round "6"]
[White "Pintor Munoz Antonio (ESP)"]
[Black "Sanchez Gonzalez Sergio (ESP)"]
[Result "1-0"]
[WhiteElo "2186"]
[BlackElo "2205"]

1.d4 Nf6 2.c4 e6 3.Nc3 Bb4 4.e3 O-O 5.Ne2 d5 6.a3 Be7 7.cxd5 exd5 8.g3 c6
9.Bg2 Bf5 10.O-O Nbd7 11.f3 Nb6 12.e4 dxe4 13.fxe4 Bg4 14.h3 Bxe2 15.Nxe2 c5
16.Be3 Rc8 17.Rc1 Nfd7 18.e5 cxd4 19.Bxd4 Nc5 20.Nf4 Qd7 21.b4 Nca4 22.Bxb6
Nxb6 23.Qxd7 Nxd7 24.Nd5 Bg5 25.Rxc8 Rxc8 26.h4 Bd8 27.Bh3 Rc4 28.Bxd7 Rd4
29.Be8 f6 30.Nf4 Bb6 31.Kg2 fxe5 32.Ne6 Rd2+ 33.Kh3 Bf2 34.Rc1 {#r} 1-0

[Event "It (open)"]
[Site "masterchessopen.com Creon (France)"]
[Date "2008.07.29"]
[Round "3"]
[White "Nguyen Chi-Minh (FRA)"]
[Black "Favarel Camille (FRA)"]
[Result "1-0"]
[WhiteElo "2421"]
[BlackElo "2093"]

1.d4 Nf6 2.c4 e6 3.Nc3 Bb4 4.e3 O-O 5.Ne2 d5 6.a3 Be7 7.cxd5 exd5 8.h3 c6 9.g4
Bd6 10.Bg2 Re8 11.f3 c5 12.O-O Nc6 13.f4 cxd4 14.Nxd4 Bc5 15.g5 Ne4 16.Nxc6
Nxc3 17.Nxd8 Nxd1 18.Rxd1 Rxd8 19.b4 Bb6 20.Kf2 Be6 21.Bb2 Rac8 22.Rac1 d4
23.Bxd4 Rxc1 24.Rxc1 Bxd4 25.exd4 Rxd4 26.Ke3 Rd8 27.Rc7 h6 28.Rxb7 a6 29.Ra7
Bc4 30.Ra8 Rxa8 31.Bxa8 hxg5 32.fxg5 Kh7 33.Be4+ Kg8 34.h4 f6 35.gxf6 gxf6
36.Bd3 {#r} 1-0

[Event "It (open)"]
[Site "masterchessopen.com Vlissingen (Netherlands)"]
[Date "2008.08.02"]
[Round "1"]
[White "Sandipan Chanda (IND)"]
[Black "Verhoef Harry (NED)"]
[Result "1-0"]
[WhiteElo "2579"]
[BlackElo "1939"]

1.d4 Nf6 2.c4 e6 3.Nc3 Bb4 4.e3 O-O 5.Ne2 Re8 6.a3 Bf8 7.g3 a5 8.Bg2 d5 9.cxd5
exd5 10.O-O c6 11.h3 h5 12.Nf4 g6 13.f3 Bf5 14.g4 Bd7 15.g5 Nh7 16.h4 Na6
17.e4 Be6 18.Nxe6 fxe6 19.Qd3 Kg7 20.f4 Bd6 21.f5 dxe4 22.f6+ Kf7 23.Nxe4 Be5
24.Be3 Rc8 25.Qb3 Bxd4 26.Rad1 c5 27.Bxd4 cxd4 28.Qxb7+ Nc7 29.Qc6 Nd5 30.Nd6+
Kf8 31.Nxc8 {#r} 1-0

[Event "Ch World (juniors) (under 20)"]
[Site "masterchessopen.com Gaziantep (Turkey)"]
[Date "2008.08.12"]
[Round "10"]
[White "Alvarez Miguel Angel (MEX)"]
[Black "Grower Sahaj (IND)"]
[Result "1-0"]
[WhiteElo "2101"]
[BlackElo "2313"]

1.d4 Nf6 2.c4 e6 3.Nc3 Bb4 4.e3 O-O 5.Ne2 d5 6.a3 Be7 7.cxd5 exd5 8.g3 c6
9.Bg2 Na6 10.O-O Nc7 11.b4 Bf5 12.h3 a5 13.bxa5 Rxa5 14.g4 Bd7 15.Bd2 Rxa3
16.Rxa3 Bxa3 17.Qb3 Bd6 18.Qxb7 h5 19.g5 Ne4 20.Nxe4 dxe4 21.h4 f6 22.Ng3 fxg5
23.Nxe4 gxh4 24.Nxd6 h3 25.Bxc6 Rf6 26.Bxd7 Qxd7 27.Qc8+ Qxc8 28.Nxc8 Kf7
29.e4 Nb5 30.Be3 Rc6 31.Rb1 Nc3 32.Rb7+ Ke8 33.Ne7 Rf6 34.Nd5 Rg6+ 35.Kh2 {#r}
1-0

[Event "It (open) (b)"]
[Site "masterchessopen.com Polanica Zdroj (Poland)"]
[Date "2008.08.21"]
[Round "3"]
[White "Rakowiecki Andrzej (POL)"]
[Black "Zakaszewski Mateusz (POL)"]
[Result "1-0"]
[WhiteElo "1991"]
[BlackElo "1804"]

1.d4 Nf6 2.c4 e6 3.Nc3 Bb4 4.e3 O-O 5.Ne2 b6 6.Ng3 Bb7 7.f3 d5 8.Bd3 Nbd7
9.O-O Bxc3 10.bxc3 c5 11.e4 cxd4 12.cxd5 dxc3 13.Bc4 Rc8 14.Bd3 Qe7 15.f4 Qb4
16.Be3 Rfd8 17.Kh1 Nb8 18.f5 Nc6 19.fxe6 fxe6 20.e5 Nxd5 21.Qh5 g6 22.Bxg6 Rc7
23.Bf7+ Kh8 24.Bg5 Rf8 25.Bxe6 Nd4 26.Bxd5 Bxd5 27.Bf6+ Rxf6 28.exf6 Bf7
29.Qg4 Be6 30.Qf4 Rc8 31.f7 {#r} 1-0

[Event "Olympiad (juniors) (under 16) (team)"]
[Site "masterchessopen.com Mersin (Turkey)"]
[Date "2008.08.22"]
[Round "7"]
[White "Nikolashvili Giorgi N (GEO)"]
[Black "Prasanna Rao (IND)"]
[Result "0-1"]
[WhiteElo "2245"]
[BlackElo "2311"]

1.d4 Nf6 2.c4 e6 3.Nc3 Bb4 4.e3 O-O 5.Ne2 d5 6.a3 Be7 7.cxd5 exd5 8.Nf4 Re8
9.Bd3 a5 10.O-O Na6 11.Re1 c6 12.f3 c5 13.dxc5 Be6 14.Bb5 Rf8 15.c6 Qb6
16.cxb7 Qxb7 17.Kh1 Rfd8 18.Nxe6 fxe6 19.e4 dxe4 20.Qe2 Nc5 21.fxe4 Nb3 22.Rb1
Nd4 23.Qc4 Ng4 24.Bf4 Qa7 25.Qc7 Nxb5 26.Qxa7 Nxa7 27.Bc7 Rd7 28.Bxa5 Nf2+
29.Kg1 Nd3 {#R} 0-1

[Event "It (open)"]
[Site "masterchessopen.com Velika Gorica (Croatia)"]
[Date "2008.08.24"]
[Round "2"]
[White "Zaja Ivan (CRO)"]
[Black "Raguz Darko (CRO)"]
[Result "1-0"]
[WhiteElo "2461"]
[BlackElo "2038"]

1.d4 Nf6 2.c4 e6 3.Nc3 Bb4 4.e3 O-O 5.Ne2 b6 6.a3 Bxc3+ 7.Nxc3 Bb7 8.Bd3 d6
9.O-O e5 10.d5 Nbd7 11.b4 Qe7 12.e4 Rfe8 13.Be3 Nf8 14.g3 Bc8 15.f3 Ng6 16.Rf2
h6 17.Kh1 Rf8 18.Qc2 Bh3 19.c5 Bd7 20.a4 Rfc8 21.Ba6 Rcb8 22.c6 Bc8 23.Bf1 a5
24.b5 Nh7 25.Bg2 Qf8 26.Rg1 f5 27.f4 exf4 28.gxf4 Nf6 29.Bh3 Ng4 30.Bxg4 fxg4
31.f5 Ne5 32.Bf4 h5 33.Bxe5 {#r} 1-0